[Event "ARG-ch Amateur U2000"]
[Site "Torre Blanca"]
[Date "2016.12.09"]
[Round "4.4"]
[White "Urquiza, Javier"]
[Black "Duarte, Gonzalo"]
[Result "1/2-1/2"]
[WhiteElo "1759"]
[BlackElo "1944"]
[PlyCount "49"]
[EventDate "2016.12.08"]
[EventType "swiss"]
[EventRounds "9"]
[EventCountry "ARG"]
[SourceTitle "EXT 2024"]
[Source "ChessBase"]
[SourceDate "2023.10.10"]
[SourceVersion "1"]
[SourceVersionDate "2023.10.10"]
[SourceQuality "1"]

1. e4 c5 2. Nf3 e6 3. c4 a6 4. Nc3 Qc7 5. Be2 Nc6 6. 0-0 Nf6 7. d4 cxd4 8. Nxd4 Bb4 9. Nxc6 dxc6 10. Bd3 h5 11. Qe2 Ng4 12. g3 Bc5 13. Kg2 e5 14. f3 Nf6 15. Be3 Bxe3 16. Qxe3 Be6 17. Rfd1 Rd8 18. Be2 0-0 19. b4 Nd7 20. c5 Rfe8 21. Rd6 h4 22. Rad1 f6 23. Qd2 Kf7 24. Kf2 Ke7 25. Na4 1/2-1/2

[Event "ARG-chT"]
[Site "Villa Martelli"]
[Date "2014.10.11"]
[Round "7.3"]
[White "Sosa, Tomas Sebastian"]
[Black "Duarte, Gonzalo"]
[Result "1-0"]
[WhiteElo "2289"]
[BlackElo "1936"]
[PlyCount "61"]
[EventDate "2014.08.30"]
[EventType "team-tourn"]
[EventRounds "9"]
[EventCountry "ARG"]
[SourceTitle "EXT 2015"]
[Source "ChessBase"]
[SourceDate "2014.11.20"]
[SourceVersion "1"]
[SourceVersionDate "2014.11.20"]
[SourceQuality "1"]
[WhiteTeam "Untref Ajedrez"]
[BlackTeam "Uba"]
[WhiteTeamCountry "ARG"]
[BlackTeamCountry "ARG"]

1. e4 c5 2. Nf3 e6 3. d4 cxd4 4. Nxd4 a6 5. Nc3 Qc7 6. Bd3 Bc5 7. Nb3 Be7 8. 0-0 Nf6 9. f4 d6 10. Bd2 b5 11. Qe2 Nbd7 12. Rae1 Bb7 13. Kh1 0-0 14. Nd4 Rfe8 15. e5 Nd5 16. f5 Nxe5 17. fxe6 Bf6 18. Bxh7+ Kxh7 19. Qe4+ Kh8 20. Nxd5 Qc4 21. Rxf6 Bxd5 22. Qh4+ Kg8 23. Rff1 fxe6 24. b3 Qc7 25. Qh3 Rac8 26. Bf4 Qc5 27. Rd1 Nc6 28. Nf3 e5 29. Ng5 Qxc2 30. Rxd5 exf4 31. Rf5 1-0